000 00696nam a2200205 i 4500
001 80623
003 ES-MaACL
005 20260318063015.0
007 t|
008 041028s1954 sp ||||1| spa d
100 1 _aHoffmann, Ernst T. A.
_d1776-1822
_9242917
245 1 3 _aLa Princesa Brambilla
_b: novela /
_cHoffmann ; traducción del alemán con introducción y notas por Manuel P. del Río-Cossa.
260 _aMadrid :
_b[s.n.],
_c1954 (
_fArtes Gráficas)
300 _a276 p. ;
_c18 cm.
490 1 _aEl grifón ;
_v11
700 1 _aRío-Cossa, Manuel P. del.
_997319
830 0 _aEl grifón ;
_v11
_9181273
852 _aES-MaACL
_jC-8949
_bR.36178
999 _c80623
_d80623